Missing Word: Books Beginning with 'E' Quiz Stats

 Plays Quiz Updated Jun 26, 2014

Support Sporcle.
Go Orange.
Score 0/22 Timer 04:00
0 Plays Today
BOOK TITLE ANSWER % Correct
East of ____Eden
94.4%
The Emperor's ____ ClothesNew
91.6%
Eat, ____, LovePray
88.9%
The English ____Patient
81.6%
Ender's ____Game
76.6%
The Emerald City of ____Oz
72.9%
The Essential ____ and HobbesCalvin
72.7%
Empire of the ____Sun
71.8%
Ethan ____Frome
48.1%
Eats, ____ and LeavesShoots
46.8%
The Electric Kool-Aid ____ TestAcid
41.8%
BOOK TITLE ANSWER % Correct
Even ____ Get the BluesCowgirls
31.4%
Eye of the ____Needle
24%
Eugene ____Onegin
21%
Executive ____Orders
14.9%
Everything is ____Illuminated
12.8%
The End of the ____Affair
12.1%
The Enormous ____Crocodile
9.8%
The Edible ____Woman
9.7%
Eyeless in ____Gaza
8.6%
Eight ____Cousins
6.8%
Everything That Rises Must ____Converge
6.6%

Today's Daily Dose

Missing Word
Food in Lyrics

Word Ladder
Bouquet

You're not logged in!

Compare scores with friends on all Sporcle quizzes.
OR
Log In

From the Vault

WWE Wrestlemania Main Events

by finalbowser

Get ready for Wrestlemania 28 by naming these main eventers.
Remove Ads.
Support Sporcle.
Get the best of Sporcle when you Go Orange. This ad-free experience offers more features, more stats, and more fun while also helping to support Sporcle. Thank you for becoming a member.

Show Comments

Extras

Top Quizzes Today


Score Distribution

Your Account Isn't Verified!

In order to create a playlist on Sporcle, you need to verify the email address you used during registration. Go to your Sporcle Settings to finish the process.

Report this User

Report this user for behavior that violates our Community Guidelines.

Details: